වන්දනාකාරයින්ගේ කවිබණ සහ පැතුම් කවි (Record no. 77891)
[ view plain ]
| 000 -LEADER | |
|---|---|
| fixed length control field | 00518nam a2200169Ia 4500 |
| 003 - CONTROL NUMBER IDENTIFIER | |
| control field | LK-CoDNM |
| 005 - DATE AND TIME OF LATEST TRANSACTION | |
| control field | 20230804142934.0 |
| 008 - FIXED-LENGTH DATA ELEMENTS--GENERAL INFORMATION | |
| fixed length control field | t xxu||||| |||| 00| 0 sin d |
| 040 ## - CATALOGING SOURCE | |
| Original cataloging agency | LK-CoDNM |
| Modifying agency | LK-CoDNM |
| Description conventions | LK-CoDNM |
| 041 ## - LANGUAGE CODE | |
| Language code of text/sound track or separate title | Sinhala; Sinhalese |
| 080 ## - UNIVERSAL DECIMAL CLASSIFICATION NUMBER | |
| Universal Decimal Classification number | A |
| Item number | N6 |
| 942 ## - ADDED ENTRY ELEMENTS (KOHA) | |
| Koha item type | Palm Leaf |
| 245 ## - TITLE STATEMENT | |
| Title | වන්දනාකාරයින්ගේ කවිබණ සහ පැතුම් කවි |
| 246 ## - VARYING FORM OF TITLE | |
| Title proper/short title | Vandanakarainge Kawibana Saha Pathum Kawi |
| 300 ## - PHYSICAL DESCRIPTION | |
| Extent | Palm leaf, Foll 55,19 1/2in.x2 1/4in. |
| 650 ## - SUBJECT ADDED ENTRY--TOPICAL TERM | |
| Topical term or geographic name as entry element | Sinhalese verse |
| Withdrawn status | Lost status | Damaged status | Not for loan | Collection code | Permanent Location | Current Location | Date acquired | Full call number | Barcode | Koha item type |
|---|---|---|---|---|---|---|---|---|---|---|
| Ola Leaf Collection | Library National Museum Colombo - Sri Lanka | Library National Museum Colombo - Sri Lanka | 2023-07-14 | A N6 | PL254 | Palm Leaf |


